[Event "Berlin-ch Seniors op 25th"]
[Site "Berlin"]
[Date "2009.02.17"]
[Round "6"]
[White "Toth, Hans Juergen"]
[Black "Schwandt, Manfred"]
[Result "0-1"]
[WhiteElo "1674"]
[BlackElo "1494"]
[PlyCount "94"]
[EventDate "2009.02.12"]
[EventType "swiss"]
[EventRounds "9"]
[EventCountry "GER"]
[SourceTitle "EXT 2022"]
[Source "ChessBase"]
[SourceDate "2021.10.06"]
[SourceVersion "1"]
[SourceVersionDate "2021.10.06"]
[SourceQuality "1"]

1. f4 d5 2. Nf3 Nf6 3. e3 g6 4. b3 Bg7 5. Bb2 0-0 6. Be2 e6 7. 0-0 c5 8. c4 b6 9. Na3 Bb7 10. Qc2 Nc6 11. Ne5 Nb4 12. Qc1 Rc8 13. Nc2 Nc6 14. a4 Nxe5 15. Bxe5 dxc4 16. Bxc4 Ne4 17. d3 Nd6 18. Bxg7 Kxg7 19. Qb2+ Kg8 20. Rad1 Nf5 21. e4 Nd4 22. Nxd4 cxd4 23. Rf3 Qd6 24. e5 Qe7 25. Rf2 Rfd8 26. Ra1 Qh4 27. g3 Qe7 28. Qa3 Qc7 29. Kf1 Bd5 30. Rc1 Qb7 31. Rfc2 Bxc4 32. bxc4 Qf3+ 33. Rf2 Qb7 34. Ke2 Rc5 35. Rb1 a6 36. Qb4 Rc6 37. a5 b5 38. Kd2 Qc7 39. Rc1 bxc4 40. Rxc4 Rxc4 41. dxc4 Rb8 42. Qa4 Qb7 43. Ke1 Qb1+ 44. Ke2 Qe4+ 45. Kd1 Rb1+ 46. Kd2 Qe1+ 47. Kc2 Qd1# 0-1

[Event "Berlin-ch Seniors op 25th"]
[Site "Berlin"]
[Date "2009.02.14"]
[Round "3"]
[White "Schwandt, Manfred"]
[Black "Kolkwitz, Klaus"]
[Result "0-1"]
[WhiteElo "1494"]
[BlackElo "1936"]
[PlyCount "104"]
[EventDate "2009.02.12"]
[EventType "swiss"]
[EventRounds "9"]
[EventCountry "GER"]
[SourceTitle "EXT 2022"]
[Source "ChessBase"]
[SourceDate "2021.10.06"]
[SourceVersion "1"]
[SourceVersionDate "2021.10.06"]
[SourceQuality "1"]

1. Nf3 d6 2. e4 g6 3. d4 Bg7 4. c3 c6 5. Bd3 Nd7 6. 0-0 e5 7. dxe5 Nxe5 8. Nxe5 Bxe5 9. Nd2 Bg7 10. Nf3 Nf6 11. Bc2 0-0 12. e5 dxe5 13. Qxd8 Rxd8 14. Nxe5 Nd5 15. Nc4 Be6 16. Na5 Nxc3 17. Nxb7 Ne2+ 18. Kh1 Rdb8 19. Nc5 Nxc1 20. Nxe6 Bxb2 21. Raxc1 Bxc1 22. Nc7 Bf4 23. Nxa8 Rxa8 24. g3 Be5 25. f4 Bd4 26. Bb3 Re8 27. Kg2 Re2+ 28. Kh3 Kg7 29. Rc1 c5 30. Rc2 Re1 31. Rd2 Kf6 32. Rc2 Ke7 33. Kg2 f6 34. Kf3 Kd6 35. Re2 Rxe2 36. Kxe2 Kc6 37. h3 Kb5 38. a4+ Kb4 39. Bc2 Kc3 40. Bd1 c4 41. g4 h6 42. Ke1 Kb2 43. Ke2 Kc1 44. a5 a6 45. Ba4 Bc3 46. h4 Bxa5 47. Kf3 Kd2 48. Ke4 c3 49. f5 g5 50. hxg5 hxg5 51. Kd5 c2 52. Bxc2 Kxc2 0-1

[Event "Brandenburg-ch Seniors 22nd"]
[Site "Berlin"]
[Date "2006.02.28"]
[Round "8"]
[White "Forst, Wilhelm"]
[Black "Schwandt, Manfred"]
[Result "1/2-1/2"]
[WhiteElo "1577"]
[BlackElo "1611"]
[PlyCount "93"]
[EventDate "2006.02.20"]
[EventType "swiss"]
[EventRounds "9"]
[EventCountry "GER"]
[SourceTitle "EXT 2007"]
[Source "ChessBase"]
[SourceDate "2006.11.23"]
[SourceVersion "1"]
[SourceVersionDate "2006.11.23"]
[SourceQuality "1"]

1. e4 e5 2. Nf3 Nc6 3. Bb5 d6 4. 0-0 Bd7 5. c3 Nf6 6. Re1 Be7 7. d4 exd4 8. Nxd4 0-0 9. Bd3 Ne5 10. Bc2 Bg4 11. f3 Bd7 12. Be3 c5 13. Nf5 Bxf5 14. exf5 Nfd7 15. Na3 Nf6 16. c4 a6 17. Bf4 Qc7 18. Be4 Nxe4 19. fxe4 Bf6 20. b3 Rad8 21. Nc2 Nc6 22. Rb1 b5 23. Qd5 Be5 24. Qd2 b4 25. Red1 Nd4 26. Nxd4 Bxd4+ 27. Be3 Be5 28. h3 Qc6 29. Qd5 Qxd5 30. Rxd5 Rfe8 31. Rbd1 Rc8 32. Kf2 a5 33. Kf3 a4 34. Bf4 axb3 35. axb3 Ra8 36. Bxe5 dxe5 37. Rxc5 Reb8 38. Rc7 h5 39. h4 Kh7 40. g4 hxg4+ 41. Kxg4 Kh6 42. c5 Ra2 43. Rdd7 Rg2+ 44. Kh3 Rg1 45. Rxf7 Ra8 46. Ra7 Rxa7 47. Rxa7 1/2-1/2

[Event "Brandenburg-ch Seniors 22nd"]
[Site "Berlin"]
[Date "2006.02.27"]
[Round "7"]
[White "Schwandt, Manfred"]
[Black "Berg, Gerd"]
[Result "1-0"]
[WhiteElo "1611"]
[BlackElo "1413"]
[PlyCount "117"]
[EventDate "2006.02.20"]
[EventType "swiss"]
[EventRounds "9"]
[EventCountry "GER"]
[SourceTitle "EXT 2007"]
[Source "ChessBase"]
[SourceDate "2006.11.23"]
[SourceVersion "1"]
[SourceVersionDate "2006.11.23"]
[SourceQuality "1"]

1. Nf3 Nf6 2. d4 Nc6 3. e3 e6 4. a3 d5 5. Nc3 Bd7 6. Bd3 g6 7. 0-0 Bg7 8. Ne2 0-0 9. Ng3 Ne7 10. Ne5 a6 11. Nxd7 Qxd7 12. c4 Rfd8 13. c5 b6 14. b4 bxc5 15. bxc5 Nc6 16. Qa4 e5 17. Ne2 Nb8 18. Qxd7 Nfxd7 19. Rb1 e4 20. Bc2 Nc6 21. Bd2 Rdb8 22. Ba4 Rxb1 23. Rxb1 Rb8 24. Rxb8+ Ndxb8 25. Nf4 Ne7 26. Ba5 c6 27. Bc7 Nd7 28. Bd6 Nf5 29. Bxc6 Nf6 30. Nxd5 Nxd6 31. Nxf6+ Bxf6 32. cxd6 Kf8 33. Bxe4 Ke8 34. Bc6+ Kd8 35. f4 Bg7 36. a4 Bf8 37. Bb7 a5 38. Bd5 f6 39. Kf2 Bxd6 40. Kf3 f5 41. Bg8 h6 42. Bh7 Ke7 43. Bxg6 Kf6 44. Bh7 Bb4 45. h3 h5 46. g4 fxg4+ 47. hxg4 h4 48. g5+ Kg7 49. Bf5 Be1 50. d5 Kf7 51. e4 Ke7 52. e5 Kd8 53. Bg4 Ke7 54. g6 Bc3 55. Ke4 Bd2 56. f5 Kf8 57. f6 Bc3 58. g7+ Kf7 59. Be6+ 1-0

[Event "Brandenburg-ch Seniors 22nd"]
[Site "Berlin"]
[Date "2006.02.23"]
[Round "4"]
[White "Voelker, Thomas"]
[Black "Schwandt, Manfred"]
[Result "1-0"]
[WhiteElo "1829"]
[BlackElo "1611"]
[PlyCount "107"]
[EventDate "2006.02.20"]
[EventType "swiss"]
[EventRounds "9"]
[EventCountry "GER"]
[SourceTitle "EXT 2007"]
[Source "ChessBase"]
[SourceDate "2006.11.23"]
[SourceVersion "1"]
[SourceVersionDate "2006.11.23"]
[SourceQuality "1"]

1. Nf3 Nf6 2. d4 d5 3. c4 dxc4 4. e3 e6 5. Bxc4 c5 6. 0-0 Be7 7. Nc3 0-0 8. Qe2 Nc6 9. Rd1 cxd4 10. Nxd4 Nxd4 11. exd4 a6 12. d5 exd5 13. Nxd5 Nxd5 14. Bxd5 Qc7 15. Be3 Bf6 16. Rac1 Qe5 17. b3 Rd8 18. Qc4 Be6 19. Bxe6 Rxd1+ 20. Rxd1 Qxe6 21. Qxe6 fxe6 22. Kf1 b5 23. Rd6 e5 24. Ke2 Kf7 25. Kd3 a5 26. Ke4 a4 27. Rb6 axb3 28. axb3 Ra1 29. Rxb5 Ke8 30. Rb7 Rh1 31. h3 Rg1 32. g3 Re1 33. Kf5 Re2 34. Bb6 Rc2 35. b4 e4 36. b5 Rc4 37. Ke6 Rc8 38. Bc7 Bd4 39. Bb6 Bf6 40. Kd5 Rc2 41. h4 h6 42. Kxe4 Re2+ 43. Kd3 Rb2 44. Be3 Kd8 45. b6 Rb3+ 46. Ke4 Rb5 47. Kd3 Rb3+ 48. Kc4 Rc3+ 49. Kd5 Rb3 50. Ke6 Rc3 51. Rb8+ Rc8 52. Rxc8+ Kxc8 53. Bxh6 Kb7 54. Be3 1-0